Голландский пейзаж XVII века

Dettagli Bibliografici
Autore principale: Тарасов Ю. А. Юрий Алексеевич
Altri autori: Василевская Н. И. (художник)
Riassunto:Аннотация на англ. яз.
Авт. и загл. указаны на корешке
В футляре
В книге даны биографические сведения о многих голландских пейзажистах XVII века.
Lingua:russo
Pubblicazione: Москва, Изобразительное искусство, 1983
Soggetti:
Natura: Libro
KOHA link:https://koha.lib.tpu.ru/cgi-bin/koha/opac-detail.pl?biblionumber=104097

MARC

LEADER 00000nam0a2200000 4500
001 104097
005 20231101214528.0
035 |a (RuTPU)RU\TPU\book\112209 
090 |a 104097 
100 |a 20061026d1983 m y0rusy50 ca 
101 0 |a rus 
102 |a RU 
105 |a a z 001zd 
200 1 |a Голландский пейзаж XVII века  |f Ю. А. Тарасов  |g оформление Н. И. Василевской 
210 |a Москва  |c Изобразительное искусство  |d 1983 
215 |a 319 с.  |c ил.  |d 24,5 см. 
300 |a Аннотация на англ. яз. 
300 |a Авт. и загл. указаны на корешке 
300 |a В футляре 
300 |a В книге даны биографические сведения о многих голландских пейзажистах XVII века. 
320 |a Библиогр. в примеч. 
320 |a Примечания: с. 294-306 
320 |a Именной указатель (художники, авторы, музеи, коллекционеры, антиквариаты): с. 307-312 
320 |a Список иллюстраций: с. 313-317. 
600 1 |a Сегерс  |b Х.  |c голландский живописец  |c гравер  |f 1589 или 1590-ок. 1638  |g Херкюлес  |2 stltpush  |3 (RuTPU)RU\TPU\pers\18375 
600 1 |a Рембрандт  |b Х. Р.  |c голландский живописец  |f 1606-1669  |g Харменс ван Рейн  |2 stltpush  |3 (RuTPU)RU\TPU\pers\10065  |9 2157 
600 1 |a Конинк  |b Ф.  |c голландский живописец  |c портретист  |f 1619-1689  |g Филипс  |2 stltpush  |3 (RuTPU)RU\TPU\pers\18376  |9 6808 
600 1 |a Рейсдал  |b Я. И.  |c голландский живописец  |f 1628 или 1629-1682  |g Якоб Изакс ван  |2 stltpush  |3 (RuTPU)RU\TPU\pers\18377 
600 1 |a Хоббема  |b М.  |c голландский художник  |c пейзажист  |f 1638-1709  |g Мейндерт  |2 stltpush  |3 (RuTPU)RU\TPU\pers\18379  |9 6811 
610 1 |a Голландия 
610 1 |a голландская живопись 
610 1 |a история 
610 1 |a 16 век 
610 1 |a 17 век 
610 1 |a художники 
610 1 |a пейзажная живопись 
610 1 |a пейзаж 
610 1 |a персоналии 
610 1 |a изобразительное искусство 
675 |a 7  |v 3 
675 |a 75.047  |v 3 
700 1 |a Тарасов  |b Ю. А.  |g Юрий Алексеевич 
702 1 |a Василевская  |b Н. И.  |4 040 
801 1 |a RU  |b 63413507  |c 20061026  |g PSBO 
801 2 |a RU  |b 63413507  |c 20080815  |g PSBO 
942 |c BK